Exploring Arduino (Record no. 36942)
[ view plain ]
| 000 -LEADER | |
|---|---|
| fixed length control field | 01359nam a2200325 a 4500 |
| 082 04 - DEWEY DECIMAL CLASSIFICATION NUMBER | |
| Classification number | 629.89 |
| 100 1# - MAIN ENTRY--AUTHOR NAME | |
| Personal name | Blum, Jeremy. |
| 245 10 - TITLE STATEMENT | |
| Title | Exploring Arduino |
| 260 ## - PUBLICATION, DISTRIBUTION, ETC. (IMPRINT) | |
| Place of publication | Indianapolis, Ind. : |
| Name of publisher | Wiley, |
| Year of publication | 2013. |
| 300 ## - PHYSICAL DESCRIPTION | |
| Number of Pages | xxv, 357 p. : |
| Other physical details | col. ill. |
| 500 ## - GENERAL NOTE | |
| General note | Includes index. |
| 505 0# - FORMATTED CONTENTS NOTE | |
| Formatted contents note | pt. I. Arduino engineering basics -- pt. II. Controlling your environment -- pt. III. Communication interfaces -- pt. IV. Advanced topics and projects. |
| 650 #0 - SUBJECT ADDED ENTRY--TOPICAL TERM | |
| Topical Term | Arduino (Programmable controller) |
| Topical Term | Engineering |
| 856 40 - ELECTRONIC LOCATION AND ACCESS | |
| Uniform Resource Identifier | http://site.ebrary.com/lib/rucke/Doc?id=10735206 |
No items available.
